Ortschaften des Kantons Appenzell-Ausserrhoden - Statistiken

Allgemein
  • Dieses Quiz wurde 69 mal gespielt
  • Das Durchschnittsergebnis liegt bei 17 aus 26
Antworten auf der Karte
Die Antworten werden auf der Karte rot bzw. grün angezeigt, abhängig davon wie oft sie richtig erraten wurden.
 
Antwortstatistiken
Einwohner Ortschaft % Korrekt
15'546 Herisau
100%
3'755 Speicher
84%
4'133 Teufen
84%
1'873 Trogen
84%
2'587 Urnäsch
84%
908 Wald
84%
3'100 Gais
81%
2'052 Bühler
75%
4'328 Heiden
75%
2'039 Walzenhausen
72%
693 Hundwil
69%
556 Schönengrund
69%
1'871 Waldstatt
66%
1'834 Wolfhalden
66%
931 Lutzenberg
63%
1'818 Rehetobel
63%
1'431 Schwellbrunn
63%
1'491 Stein
63%
173 Reute
59%
927 Grub
56%
403 Schachen bei Herisau
47%
528 Schachen bei Reute
47%
403 Wienacht-Tobel
44%
495 Lustmühle
41%
1'878 Niederteufen
41%
767 Speicherschwendi
41%
Keine übereinstimmenden Quizze gefunden
Verteilung der Resultate
Anzahl Personen mit jedem Resultat
Perzentil nach korrekt beantworteten Fragen
Ihre Resultats-Entwicklung
Sie haben dieses Quiz noch nicht gespielt